[Event "ChFRA - Open C"]
[Site "Val d'Isere"]
[Date "2002.08.??"]
[Round "6.4"]
[White "Cabel-Simon, Remi"]
[Black "Carretier, Raoul"]
[Result "1-0"]
[WhiteElo "1490"]
[BlackElo "1650"]
[PlyCount "87"]
[EventDate "2002.08.??"]
[SourceDate "2002.08.21"]

1. e4 e6 2. d4 d5 3. Nc3 Bb4 4. e5 c5 5. a3 Bxc3+ 6. bxc3 c4 7. Qg4 g6 8. Nf3
h5 9. Qf4 Qa5 10. Bd2 Qd8 11. Be2 Nh6 12. Qg5 Nc6 13. Qxd8+ Nxd8 14. Bg5 Bd7
15. Bf6 O-O 16. h3 Ba4 17. Kd2 Nc6 18. g4 h4 19. Nxh4 Rfe8 20. g5 Nf5 21. Nxf5
exf5 22. h4 Nd8 23. h5 Ne6 24. hxg6 Ng7 {#} 25. Rh8+ $1 Kxh8 26. gxf7 $1 Kh7
27. fxe8=Q Bxe8 28. Bf3 Bf7 29. Re1 Re8 30. Rh1+ Kg8 31. Rh6 Kf8 32. Rh8+ Bg8
33. Bxd5 Ne6 34. g6 b5 35. Ke3 a5 36. Kd2 f4 37. Kc1 b4 38. cxb4 axb4 39. axb4
c3 40. Kd1 f3 41. Ke1 Ra8 42. Rxg8+ Kxg8 43. Bxe6+ Kf8 44. g7+ 1-0

[Event "ChFRA - Open C"]
[Site "Val d'Isere"]
[Date "2002.08.??"]
[Round "6.5"]
[White "Boillaud, Philippe"]
[Black "Moizart, Arnaud"]
[Result "1/2-1/2"]
[WhiteElo "1700"]
[BlackElo "1499"]
[PlyCount "67"]
[EventDate "2002.08.??"]
[SourceDate "2002.08.21"]

1. d4 Nf6 2. Nf3 g6 3. Bf4 Bg7 4. e3 d6 5. h3 O-O 6. Be2 c5 7. O-O Qb6 8. Nbd2
Qxb2 9. Nc4 Qb4 10. c3 Qb5 11. Nxd6 Qd7 12. Nb5 Ne8 13. Ne5 Qd8 14. Ng4 a6 15.
Na3 cxd4 16. cxd4 Nd6 17. Nc4 Nxc4 18. Bxc4 b5 19. Be2 Bb7 20. Bf3 Bxf3 21.
Qxf3 Nd7 22. Rac1 Qa5 23. Qb7 Nf6 24. Qxe7 Nd5 25. Qg5 Nxf4 26. Qxf4 Qxa2 27.
Rc5 b4 28. Nf6+ Bxf6 29. Qxf6 b3 30. h4 h5 31. g4 Qe2 32. Rg5 hxg4 33. Rf5 Kh7
34. Rh5+ 1/2-1/2

[Event "ChFRA - Open C"]
[Site "Val d'Isere"]
[Date "2002.08.28"]
[Round "7.1"]
[White "Subits, Vincent"]
[Black "Cabel-Simon, Remi"]
[Result "0-1"]
[WhiteElo "1670"]
[BlackElo "1490"]
[PlyCount "98"]
[EventDate "2002.08.??"]
[SourceDate "2002.08.21"]

1. d4 d6 2. Nf3 g6 3. e3 Bg7 4. Bd3 Nf6 5. O-O O-O 6. Re1 Nc6 7. c3 e5 8. d5
Nxd5 9. Bxg6 hxg6 10. Qxd5 Ne7 11. Qb3 b6 12. e4 Be6 13. Qc2 Qd7 14. Ng5 d5 15.
Nxe6 Qxe6 16. exd5 Qxd5 17. Nd2 Nf5 18. Ne4 Nd6 19. Bh6 Nxe4 20. Bxg7 Kxg7 21.
Rxe4 Rad8 22. Ree1 Rfe8 23. Red1 Qe6 24. a3 Rd5 25. Rxd5 Qxd5 26. Rd1 Qe6 27.
Qd2 Re7 28. f3 Qc6 29. Qd5 Qxd5 30. Rxd5 Kf6 31. Kf2 Ke6 32. Rd8 Rd7 33. Rxd7
Kxd7 34. Ke3 Ke6 35. h4 f5 36. g4 Kf6 37. h5 gxh5 38. gxh5 Kg5 39. h6 Kxh6 40.
f4 exf4+ 41. Kxf4 Kg6 42. a4 Kf6 43. b4 a6 44. c4 Ke6 45. c5 bxc5 46. b5 a5 47.
Ke3 Ke5 48. Kd3 Kd5 49. Kc3 c4 0-1

[Event "ChFRA - Open C"]
[Site "Val d'Isere"]
[Date "2002.08.28"]
[Round "7.2"]
[White "Deluchey, Jean-Philippe"]
[Black "Burghwout, Petrus"]
[Result "0-1"]
[WhiteElo "1650"]
[BlackElo "1700"]
[PlyCount "120"]
[EventDate "2002.08.??"]
[SourceDate "2002.08.21"]

1. e4 Nc6 2. Nc3 Nf6 3. Bc4 Ne5 4. Bb3 Ng6 5. d3 e5 6. a3 Bc5 7. Nf3 O-O 8. O-O
d6 9. Na4 Bg4 10. Nxc5 dxc5 11. h3 Bd7 12. Bg5 h6 13. Bh4 Qe7 14. Qe1 Nf4 15.
Qe3 g5 16. Bg3 N6h5 17. Nh2 Kh7 18. Qf3 Rg8 19. Ng4 Rg6 20. Bxf4 Nxf4 21. Ne3
Rf6 22. Ng4 Rg6 23. Ne3 Rag8 24. Nd5 Qd6 25. Ne3 g4 26. hxg4 Bxg4 27. Nxg4 Rxg4
28. Bxf7 Rxg2+ 29. Kh1 Qf6 30. Bxg8+ Kxg8 31. Qg3+ Rxg3 32. fxg3 Qb6 33. gxf4
exf4 34. Rf2 Qxb2 35. Rg1+ Kf7 36. Rf3 Qxc2 37. Rxf4+ Ke6 38. Rg6+ Ke5 39. Rf5+
Kd4 40. Rf7 Kxd3 41. Rd7+ Kxe4 42. Rxc7 h5 43. Rxb7 Qc1+ 44. Rg1 Qxa3 45. Re7+
Kd5 46. Rd1+ Kc4 47. Re4+ Kb5 48. Rb1+ Kc6 49. Re6+ Kd5 50. Re2 Qf3+ 51. Rg2 c4
52. Ra1 c3 53. Rxa7 c2 54. Rc7 Qd1+ 55. Kh2 c1=Q 56. Rxc1 Qxc1 57. Kh3 Qf4 58.
Rg3 Ke4 59. Rg2 Qf3+ 60. Rg3 Qh1# 0-1

[Event "ChFRA - Open C"]
[Site "Val d'Isere"]
[Date "2002.08.28"]
[Round "7.4"]
[White "Wolfangel, Claude"]
[Black "Beneventi, Daniel"]
[Result "1-0"]
[WhiteElo "1680"]
[BlackElo "1560"]
[PlyCount "79"]
[EventDate "2002.08.??"]
[SourceDate "2002.08.21"]

1. d4 Nf6 2. c4 e6 3. Nf3 b6 4. Bg5 Be7 5. g3 Bb7 6. Bg2 Ne4 7. Bxe7 Qxe7 8. a3
O-O 9. O-O f5 10. e3 Ng5 11. Nxg5 Bxg2 12. Kxg2 Qxg5 13. Nc3 a6 14. d5 e5 15.
d6 c6 16. Nd5 Qd8 17. b4 Rf7 18. Ne7+ Rxe7 19. dxe7 Qxe7 20. Qd3 e4 21. Qd4 Qd8
22. Rfd1 Ra7 23. a4 Rb7 24. b5 Kh8 25. bxc6 Nxc6 26. Qd5 Qf6 27. Qd6 Qxd6 28.
Rxd6 Ne5 29. Rd5 Nxc4 30. Rxf5 Kg8 31. Rd1 d6 32. Rd4 b5 33. axb5 axb5 34. Rxe4
Rb8 35. Rd4 Ne5 36. Rxd6 Nc4 37. Rdd5 Na3 38. Rd3 b4 39. Rb3 Nc2 40. Rf4 1-0

[Event "ChFRA - Open C"]
[Site "Val d'Isere"]
[Date "????.??.??"]
[Round "7.5"]
[White "Lekal , El-Houori"]
[Black "Caron, Sebastien"]
[Result "1-0"]
[WhiteElo "1360"]
[BlackElo "1670"]
[PlyCount "107"]
[EventDate "2002.08.??"]
[SourceDate "2002.08.21"]

1. e4 c5 2. Nf3 d6 3. d4 cxd4 4. Nxd4 Nf6 5. Nc3 g6 6. Be3 Bg7 7. f3 O-O 8. Qd2
Nc6 9. Bc4 Bd7 10. Bb3 Rc8 11. O-O-O Ne5 12. h4 h5 13. Kb1 a5 14. a3 Nc4 15.
Bxc4 Rxc4 16. Nde2 Qc7 17. Bg5 Be6 18. Nf4 Qb6 19. Nfe2 Rfc8 20. Be3 Qd8 21.
Bd4 Qe8 22. e5 dxe5 23. Bxe5 Ne4 24. fxe4 Bxe5 25. Rhf1 Qc6 26. Rf3 Bg4 27. Nd5
Bd6 28. Rc3 Rxc3 29. Ndxc3 Bxe2 30. Qxe2 Bxa3 31. Qb5 Bb4 32. Qxc6 Rxc6 33. Nd5
Bc5 34. c3 Re6 35. b4 axb4 36. cxb4 Bf2 37. Nc3 Bxh4 38. Rd8+ Kg7 39. Rd7 Rb6
40. Nd5 Rb5 41. Kc2 e6 42. Nf4 Rxb4 43. Nxe6+ Kf6 44. Nd4 Bf2 45. Nf3 b6 46.
e5+ Ke6 47. Rd6+ Ke7 48. Rc6 Rg4 49. Rc7+ Kf8 50. Kd3 Bc5 51. Rc8+ Ke7 52. Rc7+
Ke6 53. Rc6+ {#} 53... Kf5 54. Rf6# 1-0

[Event "ChFRA - Open C"]
[Site "Val d'Isere"]
[Date "2002.08.29"]
[Round "8.1"]
[White "Burghwout, Petrus"]
[Black "Cabel-Simon, Remi"]
[Result "0-1"]
[WhiteElo "1700"]
[BlackElo "1490"]
[PlyCount "59"]
[EventDate "2002.08.??"]
[SourceDate "2002.08.21"]

1. Nc3 d6 2. d3 Nf6 3. g3 g6 4. Bg2 Bg7 5. Bg5 Nc6 6. Qd2 e5 7. Nd5 O-O 8. Bh6
Be6 9. Bxg7 Kxg7 10. c4 Rb8 11. h4 Nd4 12. e3 Nf5 13. Ne2 c6 14. Nxf6 Qxf6 15.
e4 Ne7 16. f4 exf4 17. Rf1 Kg8 18. d4 Bxc4 19. Rxf4 Qg7 20. Nc3 Rfe8 21. O-O-O
b5 22. b3 Be6 23. Qf2 a5 24. Rd3 Rbc8 25. Rf6 Rf8 26. Rdf3 d5 27. R3f4 c5 28.
e5 b4 29. Nb5 cxd4+ 30. Kd2 0-1

[Event "ChFRA - Open C"]
[Site "Val d'Isere"]
[Date "2002.08.29"]
[Round "8.2"]
[White "Le Coz, Yannick"]
[Black "Wolfangel, Claude"]
[Result "1-0"]
[WhiteElo "1570"]
[BlackElo "1680"]
[PlyCount "111"]
[EventDate "2002.08.??"]
[SourceDate "2002.08.21"]

1. e4 e6 2. d4 d5 3. Nc3 Bb4 4. Qg4 Kf8 5. e5 h5 6. Qf4 c5 7. Be3 cxd4 8. Bxd4
Nc6 9. Nf3 Qc7 10. Bd3 Nxd4 11. Qxd4 Bc5 12. Qf4 Qb6 13. O-O Bxf2+ 14. Kh1 Be3
15. Qg3 Ne7 16. Nh4 Nf5 17. Nxf5 exf5 18. Bxf5 Bxf5 19. Rxf5 g6 20. Rf6 Qc5 21.
Qxg6 Qe7 22. Raf1 Ke8 23. Qg7 Rf8 24. e6 Bd4 25. Nxd5 Bxf6 26. Nxf6+ Kd8 27.
Nh7 f6 28. Qxe7+ Kxe7 29. Nxf8 Rxf8 30. Re1 Rd8 31. c3 Rd2 32. Rb1 Kxe6 33. h3
Ke5 34. Kh2 h4 35. a3 Rc2 36. Re1+ Kd6 37. Re4 Rxb2 38. Rxh4 Rb3 39. Rb4 Rxc3
40. Rxb7 Rxa3 41. h4 a5 42. h5 Re3 43. h6 Re8 44. Kh3 Rh8 45. h7 Kc6 46. Rf7 a4
47. Rxf6+ Kb5 48. Rf7 a3 49. g4 Kb4 50. g5 a2 51. Ra7 Kb3 52. g6 Kb2 53. Kg4
Rb8 54. Kh5 Rd8 55. Ra5 Rd5+ 56. Rxd5 1-0

[Event "ChFRA - Open C"]
[Site "Val d'Isere"]
[Date "2002.08.29"]
[Round "8.3"]
[White "Przybylek, Claire"]
[Black "Lekal , El-Houori"]
[Result "1/2-1/2"]
[WhiteElo "1590"]
[BlackElo "1360"]
[PlyCount "104"]
[EventDate "2002.08.??"]
[SourceDate "2002.08.21"]

1. b3 Nf6 2. Bb2 e6 3. e3 d5 4. Nf3 Be7 5. c4 c6 6. Be2 O-O 7. O-O Nbd7 8. d4
a5 9. Nbd2 Re8 10. cxd5 exd5 11. Re1 Bd6 12. Bd3 Nf8 13. e4 dxe4 14. Nxe4 Nxe4
15. Rxe4 Rxe4 16. Bxe4 Be6 17. Qd2 h6 18. Rd1 Bg4 19. d5 Bxf3 20. Bxf3 c5 21.
Qc3 f6 22. Qd3 a4 23. Bg4 Qc7 24. g3 b5 25. Qxb5 axb3 26. axb3 Rb8 27. Qe2 Rxb3
28. Rc1 Qe7 29. Qd2 Qe4 30. f3 Qd3 31. Qxd3 Rxd3 32. f4 Rxd5 33. Ba3 f5 34. Be2
Kh8 35. Bc4 Rd2 36. Bf7 Nd7 37. Be6 Rd3 38. Bxd7 Bxf4 39. gxf4 Rxd7 40. Rxc5
Rd2 41. Rxf5 Kh7 42. Bf8 Kg6 43. Re5 Rc2 44. Be7 h5 45. f5+ Kf7 46. Bh4 Rc4 47.
Bf2 Kf6 48. Rb5 Rf4 49. Rb7 Rg4+ 50. Kf1 Kxf5 51. h3 Rg6 52. Bd4 Rg3 1/2-1/2

[Event "ChFRA - Open C"]
[Site "Val d'Isere"]
[Date "2002.08.29"]
[Round "8.4"]
[White "Clavel, Carole"]
[Black "Boillaud, Philippe"]
[Result "1/2-1/2"]
[WhiteElo "1520"]
[BlackElo "1700"]
[PlyCount "130"]
[EventDate "2002.08.??"]
[SourceDate "2002.08.21"]

1. c4 f5 2. Nc3 Nf6 3. g3 g6 4. Bg2 Bg7 5. e3 O-O 6. Nge2 d6 7. O-O c6 8. d4
Na6 9. Rb1 Rb8 10. b4 Bd7 11. Qb3 Nc7 12. b5 Qe8 13. bxc6 bxc6 14. Qxb8 Qxb8
15. Rxb8 Rxb8 16. Ba3 Be6 17. c5 d5 18. Nf4 Bc8 19. Rb1 Rxb1+ 20. Nxb1 Nd7 21.
Nd3 e5 22. dxe5 Nxe5 23. Nb4 a5 24. Nc2 Nd3 25. Bf1 Ne5 26. Nd2 Kf7 27. Nd4 Bb7
28. N2b3 a4 29. Na5 Ba8 30. Be2 Ne6 31. Nxe6 Kxe6 32. Bd1 Nc4 33. Nxc4 dxc4 34.
Bxa4 Kd5 35. Kf1 Bb7 36. Ke2 Ba6 37. Bc2 Bf8 38. Kd2 Be7 39. f3 Bf6 40. e4+
fxe4 41. Bxe4+ Ke6 42. Bxc6 Bc8 43. Kc2 Bd4 44. Bc1 Bxc5 45. Bb5 Kd5 46. Bd2
Bf5+ 47. Kb2 Bd4+ 48. Bc3 Bg1 49. g4 Bd3 50. Be1 Bxh2 51. Bf2 Be5+ 52. Kc1 Be2
53. Ba6 Kc6 54. Kd2 Bd3 55. a4 g5 56. Bb5+ Kb7 57. a5 Bb8 58. a6+ Kc8 59. a7
Bxa7 60. Bxa7 Kd8 61. Bc5 Kc7 62. Be7 Bf1 63. Bxg5 c3+ 64. Kxc3 Bxb5 65. Kd4
Kd7 1/2-1/2

[Event "ChFRA - Open C"]
[Site "Val d'Isere"]
[Date "2002.08.29"]
[Round "8.5"]
[White "Routier, Laurie"]
[Black "Benali, Boubaker"]
[Result "0-1"]
[WhiteElo "1690"]
[BlackElo "1470"]
[PlyCount "122"]
[EventDate "2002.08.??"]
[SourceDate "2002.08.21"]

1. e4 c5 2. Nf3 d6 3. d4 cxd4 4. Qxd4 Nf6 5. Nc3 Bd7 6. Bg5 Nc6 7. Qd2 a6 8. a3
Bg4 9. Bxf6 gxf6 10. Be2 h5 11. Nd5 e6 12. Ne3 Bxf3 13. Bxf3 Bh6 14. Bxh5 Bxe3
15. Bxf7+ Ke7 16. Qxe3 Kxf7 17. O-O-O Qf8 18. Qb6 Rb8 19. Qc7+ Qe7 20. Qxd6
Qxd6 21. Rxd6 Ke7 22. Rd2 Rbd8 23. Rxd8 Rxd8 24. Rd1 Rg8 25. g3 Ne5 26. h4 Ng4
27. Rd2 Nh2 28. Rd1 Ng4 29. Rf1 Rd8 30. f3 Ne3 31. Re1 Nc4 32. Rd1 Rxd1+ 33.
Kxd1 Nxb2+ 34. Ke2 b5 35. f4 Nc4 36. Kd3 Nxa3 37. f5 e5 38. g4 Nc4 39. g5 fxg5
40. hxg5 a5 41. g6 Kf6 42. Kc3 Kg7 43. Kd3 a4 44. Kc3 a3 45. Kb3 Kf6 46. c3
Nd2+ 47. Kxa3 Nxe4 48. Kb4 Nd6 49. Kc5 Nxf5 50. Kxb5 e4 51. Kc4 e3 52. Kd3 Kxg6
53. Ke2 Kf6 54. Kd3 Ke5 55. c4 Kf4 56. Ke2 Ke4 57. c5 Kd5 58. Kd3 Kxc5 59. Ke2
Kd4 60. Ke1 Kd3 61. Kd1 Nh4 0-1

[Event "ChFRA - Open C"]
[Site "Val d'Isere"]
[Date "2002.08.??"]
[Round "9.1"]
[White "Cabel-Simon, Remi"]
[Black "Le Coz, Yannick"]
[Result "1-0"]
[WhiteElo "1490"]
[BlackElo "1570"]
[PlyCount "85"]
[EventDate "2002.08.??"]
[SourceDate "2002.08.21"]

1. e4 e5 2. Nf3 Nc6 3. Nc3 Bb4 4. a3 Ba5 5. b4 Bb6 6. Bb2 d6 7. h3 Nf6 8. Bc4
h6 9. d3 O-O 10. Na4 Be6 11. Nxb6 axb6 12. Bb5 Na7 13. Ba4 b5 14. Bb3 Bxb3 15.
cxb3 Nc6 16. O-O Nd7 17. d4 Qf6 18. dxe5 Qe7 19. exd6 cxd6 20. Qd5 Rad8 21.
Qxb5 Nde5 22. Nxe5 dxe5 23. Qc5 Qe6 24. Qc4 Qg6 25. Rad1 Rc8 26. Qe2 Rfe8 27.
Rd7 Nd8 28. Rfd1 Qb6 29. R1d6 Qa7 30. a4 Ne6 31. Qh5 Nd8 32. Bxe5 Rc1+ 33. Rd1
Rxd1+ 34. Rxd1 b6 35. Qg4 Rxe5 36. Rxd8+ Kh7 37. Rd7 Qa8 38. Rxf7 Rg5 39. Qf3
Qc8 40. h4 Re5 41. Qg3 Qg8 42. Qxe5 Qxf7 43. Qf5+ 1-0

[Event "ChFRA - Open C"]
[Site "Val d'Isere"]
[Date "2002.08.??"]
[Round "9.2"]
[White "Moizart, Arnaud"]
[Black "Burghwout, Petrus"]
[Result "1-0"]
[WhiteElo "1499"]
[BlackElo "1700"]
[PlyCount "75"]
[EventDate "2002.08.??"]
[SourceDate "2002.08.21"]

1. e4 Nc6 2. d4 e5 3. Nf3 exd4 4. Bc4 Bc5 5. O-O d6 6. c3 d3 7. Qxd3 Nf6 8. e5
dxe5 9. Qxd8+ Nxd8 10. Nxe5 Be6 11. Nd2 O-O 12. Nb3 Bxc4 13. Nxc4 Be7 14. Nd4
Nd5 15. Re1 Bf6 16. Nf3 Ne6 17. Ne3 Ndf4 18. Ng4 Nd3 19. Nxf6+ gxf6 20. Re3
Rad8 21. Ne1 Ne5 22. Rg3+ Kh8 23. Bh6 Rfe8 24. Nf3 Nxf3+ 25. Rxf3 Ng5 26. Rxf6
Rg8 27. Bxg5 Rxg5 28. Rxf7 Ra5 29. Rxc7 Rxa2 30. Rb1 b6 31. b4 Rb2 32. Rf1 Ra2
33. g3 Ra3 34. Re1 h5 35. Ree7 Kg8 36. Rg7+ Kf8 37. Rcf7+ Ke8 38. Rxa7 1-0

[Event "ChFRA - Open C"]
[Site "Val d'Isere"]
[Date "2002.08.??"]
[Round "9.3"]
[White "Langlois, Alexandra"]
[Black "Przybylek, Claire"]
[Result "1/2-1/2"]
[WhiteElo "1600"]
[BlackElo "1590"]
[PlyCount "94"]
[EventDate "2002.08.??"]
[SourceDate "2002.08.21"]

1. e4 d5 2. exd5 Qxd5 3. Nc3 Qa5 4. d4 Nf6 5. Nf3 Bg4 6. h3 Bh5 7. Be2 e6 8. a3
Nbd7 9. O-O O-O-O 10. Be3 c6 11. Qc1 Bd6 12. b4 Qc7 13. Re1 h6 14. Nd2 g5 15.
Qd1 Bxe2 16. Qxe2 Rdg8 17. Nc4 h5 18. Nxd6+ Qxd6 19. Rf1 g4 20. h4 Nb6 21. Qd3
Nbd5 22. Ne2 Nd7 23. c4 Nxe3 24. Qxe3 f5 25. Nf4 e5 26. dxe5 Qxe5 27. Rfe1 Qxe3
28. Rxe3 Re8 29. Rae1 Nf6 30. Rxe8+ Rxe8 31. Rxe8+ Nxe8 32. Nxh5 Kd7 33. c5 Ke7
34. Kf1 Ke6 35. Ke2 Ke5 36. Ke3 Nc7 37. Nf4 Ne8 38. h5 Nf6 39. g3 Nh7 40. Ng6+
Kf6 41. f4 Kg7 42. Kd4 Kf6 43. Nh4 Ke6 44. a4 a6 45. Ng6 Kf6 46. Ne5 Ke6 47.
Nd3 Kf6 1/2-1/2

[Event "ChFRA - Open C"]
[Site "Val d'Isere"]
[Date "2002.08.??"]
[Round "9.4"]
[White "Benali, Boubaker"]
[Black "Vandewiele, Benoit"]
[Result "1/2-1/2"]
[WhiteElo "1470"]
[BlackElo "1550"]
[PlyCount "174"]
[EventDate "2002.08.??"]
[SourceDate "2002.08.21"]

1. d4 Nf6 2. c4 g6 3. Nc3 d5 4. cxd5 Nxd5 5. e4 Nxc3 6. bxc3 Bg7 7. Nf3 Bg4 8.
Be3 O-O 9. Rb1 b6 10. Be2 c5 11. h3 Be6 12. Qc2 cxd4 13. cxd4 Qc8 14. Rc1 Qxc2
15. Rxc2 Rc8 16. Rxc8+ Bxc8 17. O-O Nc6 18. Rc1 Bb7 19. d5 Ne5 20. Rc7 Nxf3+
21. Bxf3 Ba6 22. Rxe7 Bc4 23. e5 Bxa2 24. d6 Rd8 25. Rxa7 Bxe5 26. Rxa2 Rxd6
27. Ra8+ Kg7 28. Ra6 b5 29. Rxd6 Bxd6 30. Bd5 f5 31. Kf1 Kf6 32. Bh6 g5 33. h4
gxh4 34. Ke2 b4 35. Bd2 f4 36. f3 Ke5 37. Bg8 h6 38. Kd3 Kf5 39. Kc4 b3 40.
Kxb3 Kg5 41. Be6 Bc5 42. Kc4 Bf2 43. Kd5 Bg3 44. Ke5 Bh2 45. Be1 Kg6 46. Bxh4
Kh5 47. Be7 Kg6 48. Bh4 Kh5 49. Be1 Kg5 50. Bd2 Bg3 51. Bb4 Bh2 52. Bd7 Kh4 53.
Be7+ Kg3 54. Bh3 Kf2 55. Kf5 Bg3 56. Kg6 h5 57. Kxh5 Ke3 58. Bd6 Kd4 59. Kg4
Ke3 60. Kg5 Bh2 61. Kf5 Bg3 62. Bc5+ Kd3 63. Bg1 Ke2 64. Bc5 Kd3 65. Kg5 Ke2
66. Bg1 Kf1 67. Bc5 Ke2 68. Bd6 Ke3 69. Bf5 Bh2 70. Kg4 Bg3 71. Kh5 Kd4 72. Be7
Be1 73. Bh4 Bd2 74. Bf2+ Ke5 75. Kg4 Bc1 76. Bc8 Bd2 77. Kh3 Kd6 78. Bd4 Be1
79. Bb7 Bg3 80. Kg4 Ke6 81. Bf2 Bxf2 82. Kxf4 Kf6 83. g4 Be1 84. Bc8 Bd2+ 85.
Ke4 Kg5 86. Bd7 Bc1 87. Kd3 Bf4 1/2-1/2

[Event "ChFRA - Open C"]
[Site "Val d'Isere"]
[Date "2002.08.??"]
[Round "1"]
[White "Boillaud, Philippe"]
[Black "Lekal , El-Houori"]
[Result "1-0"]
[WhiteElo "1700"]
[BlackElo "1360"]
[PlyCount "113"]
[EventDate "2002.08.??"]
[SourceDate "2002.08.21"]

1. e4 c5 2. Nc3 d6 3. g3 g6 4. Bg2 Bg7 5. d3 e6 6. Be3 Nc6 7. Nge2 Nge7 8. Qd2
O-O 9. Bh6 Nd4 10. Bxg7 Kxg7 11. Nd1 Rb8 12. c3 Ndc6 13. h4 b5 14. h5 Rh8 15.
Ne3 b4 16. Ng4 Ng8 17. f4 Nge7 18. cxb4 f5 19. Qc3+ Kf7 20. hxg6+ Nxg6 21. exf5
exf5 22. Bd5+ Be6 23. Bxe6+ Kxe6 24. Ne3 Rxb4 25. a3 Rb8 26. Rh5 Nce7 27. g4
Rf8 28. d4 Rc8 29. gxf5+ Kd7 30. fxg6 hxg6 31. Rg5 cxd4 32. Qxd4 Nc6 33. Qg7+
Ne7 34. Qd4 Nc6 35. Qa4 Qb6 36. Nc4 Qc7 37. O-O-O Rf6 38. Ne5+ Ke7 39. Nxc6+
Qxc6+ 40. Qxc6 Rxc6+ 41. Kb1 Rc4 42. Nc3 Re6 43. f5 gxf5 44. Rxf5 Rh4 45. Rff1
Kd7 46. Rf7+ Kc6 47. Rxa7 Rh2 48. Rc1 Rg6 49. Ra6+ Kb7 50. Ra4 Rgg2 51. Nd1 Rd2
52. Rb4+ Ka7 53. Nc3 d5 54. Nb5+ Kb6 55. Nd6+ Ka7 56. Nc8+ Ka8 57. Rc7 1-0

[Event "ChFRA - Open C"]
[Site "Val d'Isere"]
[Date "2002.08.??"]
[Round "10.1"]
[White "Cabel-Simon, Remi"]
[Black "Moizart, Arnaud"]
[Result "0-1"]
[WhiteElo "1490"]
[BlackElo "1499"]
[PlyCount "58"]
[EventDate "2002.08.??"]
[SourceDate "2002.08.21"]

1. e4 d5 2. exd5 Nf6 3. d4 Nxd5 4. Nf3 Bg4 5. c4 Nf6 6. Qb3 Nc6 7. d5 Bxf3 8.
gxf3 Nd4 9. Qd3 c5 10. Bg2 e6 11. dxe6 Nxe6 12. Qxd8+ Rxd8 13. Be3 Nd4 14. Bxd4
cxd4 15. O-O Bd6 16. Nd2 O-O 17. Nb3 Bf4 18. Rfd1 d3 19. Nc5 d2 20. Nxb7 Rd4
21. b3 Re8 22. Nc5 Nd7 23. Ne4 Ne5 24. Nc5 Nd3 25. Nxd3 Rxd3 26. Rab1 Rc3 27.
h3 Rc1 28. Bf1 Rxb1 29. Rxb1 Re1 0-1

[Event "ChFRA - Open C"]
[Site "Val d'Isere"]
[Date "2002.08.??"]
[Round "10.2"]
[White "Cappon, Aldo"]
[Black "Boillaud, Philippe"]
[Result "0-1"]
[WhiteElo "1499"]
[BlackElo "1700"]
[PlyCount "138"]
[EventDate "2002.08.??"]
[SourceDate "2002.08.21"]

1. e4 d6 2. d4 Nf6 3. Bd3 c5 4. d5 c4 5. Bxc4 Nxe4 6. Ne2 Qb6 7. O-O g6 8. Be3
Qc7 9. Qd4 Nf6 10. Nbc3 Bg7 11. Nb5 Qd8 12. Nxa7 O-O 13. Nxc8 Qxc8 14. Qd3 Nbd7
15. Bb3 Ne5 16. Qd1 Nc4 17. Bd4 e5 18. dxe6 fxe6 19. Qd3 d5 20. Bxc4 dxc4 21.
Qh3 Ra5 22. Ng3 Qc6 23. Rfe1 Re8 24. Bc3 Nd5 25. Bxa5 Nf4 26. Ne4 Nxh3+ 27.
gxh3 b6 28. Bb4 Rd8 29. c3 Rd5 30. Rac1 Rd3 31. Rc2 Qd7 32. Rce2 e5 33. Re3 Qf5
34. Kg2 g5 35. Nd6 Qf4 36. Ne4 h5 37. Ng3 h4 38. Nh5 Qf7 39. Nxg7 Rxe3 40. Rxe3
Qd5+ 41. Kg1 Kxg7 42. Ba3 e4 43. Kf1 Kf6 44. Ke2 Kf5 45. f3 Qe5 46. fxe4+ Ke6
47. Rf3 Qxh2+ 48. Ke3 Qg1+ 49. Ke2 g4 50. hxg4 Qxg4 51. Kf2 Ke5 52. Bf8 Kxe4
53. Re3+ Kd5 54. Bb4 h3 55. Rg3 Qf5+ 56. Kg1 Ke4 57. Kh2 Qf2+ 58. Kxh3 Qxb2 59.
a3 Qf2 60. Kg4 Qf5+ 61. Kh4 Qh7+ 62. Kg4 Qh6 63. Rg2 Qg6+ 64. Kh3 Qh5+ 65. Kg3
Qe5+ 66. Kf2 Qf4+ 67. Kg1 Qc1+ 68. Kf2 Qe3+ 69. Kf1 Kf3 0-1

[Event "ChFRA - Open C"]
[Site "Val d'Isere"]
[Date "2002.08.??"]
[Round "10.3"]
[White "Cianfarani, Damien"]
[Black "Perrusset, Barbara"]
[Result "1-0"]
[WhiteElo "1640"]
[BlackElo "1520"]
[PlyCount "111"]
[EventDate "2002.08.??"]
[SourceDate "2002.08.21"]

1. d4 d5 2. e3 Nf6 3. Bd3 e6 4. Nd2 c5 5. c3 Nbd7 6. f4 c4 7. Bc2 Bd6 8. Ngf3
O-O 9. O-O b5 10. Ne5 b4 11. g4 Bxe5 12. fxe5 bxc3 13. bxc3 Ne8 14. Ba3 Qh4 15.
Qf3 f6 16. Bxf8 Kxf8 17. e4 Bb7 18. Rab1 dxe4 19. Bxe4 Bxe4 20. Nxe4 Rd8 21.
Rb7 a5 22. Ng3 Kg8 23. Kg2 h6 24. h3 Kh7 25. Qe4+ Kh8 26. exf6 Nexf6 27. Qxe6
Qg5 28. Rf2 Re8 29. Qf5 Qe3 30. Rxd7 Nxd7 31. Qxd7 Rg8 32. Ne2 Qe4+ 33. Kh2 Qe3
34. Qf5 a4 35. Qf3 Qd2 36. Nf4 Qc1 37. Ng6+ Kh7 38. Nf8+ Kh8 39. Qf5 Rxf8 40.
Qxf8+ Kh7 41. Qf5+ Kh8 42. Qc2 Qa3 43. Kg2 Qd6 44. Qxa4 Qd5+ 45. Rf3 Kh7 46.
Qe8 Qb7 47. Qe2 Qd5 48. Kf2 Qd6 49. Qe4+ Kh8 50. Ke3 Qa3 51. Qe8+ Kh7 52. Ke4
Qxa2 53. Rf8 Qg2+ 54. Ke5 Qg3+ 55. Kd5 Qg2+ 56. Qe4+ 1-0

[Event "ChFRA - Open C"]
[Site "Val d'Isere"]
[Date "2002.08.??"]
[Round "10.4"]
[White "Clavel, Carole"]
[Black "Langlois, Alexandra"]
[Result "1-0"]
[WhiteElo "1520"]
[BlackElo "1600"]
[PlyCount "105"]
[EventDate "2002.08.??"]
[SourceDate "2002.08.21"]

1. c4 e5 2. g3 Nf6 3. Bg2 Bc5 4. Nc3 d6 5. d3 h6 6. e3 Nc6 7. Nge2 Bd7 8. O-O
O-O 9. a3 a5 10. Bd2 Re8 11. Rc1 Qc8 12. Nd5 Nxd5 13. cxd5 Ne7 14. Bc3 Bg4 15.
Bxe5 dxe5 16. Rxc5 Qd7 17. e4 Qd6 18. Rc3 Rac8 19. Qc2 c6 20. dxc6 Rxc6 21. f3
Bd7 22. Rd1 Rxc3 23. Qxc3 Qb6+ 24. Kf1 Nc6 25. d4 exd4 26. Nxd4 Nxd4 27. Qxd4
Qxd4 28. Rxd4 Bc6 29. Kf2 f6 30. Bf1 Kf8 31. Bc4 Re5 32. Bd5 Bxd5 33. Rxd5 Ke7
34. Rxe5+ fxe5 35. Ke3 g6 36. Kd3 Kd6 37. Kc4 Kc6 38. a4 g5 39. Kd3 Kd6 40. Ke3
Ke6 41. f4 exf4+ 42. gxf4 gxf4+ 43. Kxf4 Kf6 44. e5+ Ke6 45. Ke4 b6 46. b3 h5
47. h3 Ke7 48. Kd5 Kd7 49. e6+ Ke7 50. Ke5 Ke8 51. Kd6 Kd8 52. e7+ Ke8 53. Kc6
1-0